Normal view
MARC view
- Bonilla Rius, Ana,
Entry Nombre Personal
001 - NUMERO DE CONTROL
- campo de control: 36626
003 - IDENTIFICADOR DE NUMERO DE CONTROL
- campo de control: UPN
005 - FECHA Y HORA DE LA ÜLTIMA TRANSACCIÓN
- campo de control: 20210219194516.0
008 - DATOS DE LONGITUD FIJA
- campo de control de longitud fija: nabaccnnaabn|||||||||| b |nc|||||d
035 ## - NUMERO DE CONTROL
- Número de control: UPN11000008733
040 ## - FUENTE DE CATALOGACIÓN
- Lenguaje de catalogación: SPA
- Agencia de transcripción: UPN
100 1# - ENCABEZAMIENTO - NOMBRE PERSONAL
- Nombre personal: Bonilla Rius, Ana,
- Fechas asociadas con el nombre: 1965-
670 ## - FUENTE EN LA QUE SE LOCALIZARON DATOS
- Cita de la fuente: T
- Uniform Resource Identifier: http://oceano.mx/ficha-autor.aspx?id=269
680 ## - NOTA PUBLICA DE ACCESO PÚBLICO
- Frase explicativa de la referencia: Estudió Artes Visuales en la Escuela Nacional de Artes Plásticas de la UNAM, y una maestría de Arte terapia en la Universidad Complutense de Madrid.
902 ## - CATALOGADOR
- Catalogador: EMR/030315
